[Event "Hastings Centenary Masters"]
[Site "Hastings"]
[Date "1995.08.26"]
[Round "8"]
[White "Dutta, Shyamol"]
[Black "Cafferty, Bernard"]
[Result "1/2-1/2"]
[WhiteElo "2110"]
[BlackElo "2260"]
[PlyCount "97"]
[EventDate "1995.08.20"]
[EventType "swiss"]
[EventRounds "9"]
[EventCountry "ENG"]
[SourceTitle "BritBase"]
[Source "John Saunders"]
[SourceDate "2023.06.01"]
[SourceVersion "1"]
[SourceVersionDate "2023.06.01"]
[SourceQuality "1"]

1. e4 Nf6 2. e5 Nd5 3. d4 d6 4. c4 Nb6 5. exd6 cxd6 6. h3 g6 7. Nf3 Bg7 8. Be2
O-O 9. Nc3 Nc6 10. Be3 Bf5 11. O-O h6 12. Rc1 d5 13. b3 Kh7 14. c5 Nc8 15. a3
a5 16. Qd2 Be4 17. Rfd1 Bxf3 18. Bxf3 e6 19. Nb5 N8e7 20. g4 Qd7 21. Be2 Nc8
22. Kg2 N8a7 23. b4 Nxb5 24. Bxb5 axb4 25. axb4 Ra7 26. Ra1 Rfa8 27. Qb2 Qc8
28. Rxa7 Nxa7 29. Be2 Nc6 30. b5 Ne7 31. Ra1 Rxa1 32. Qxa1 Qxc5 33. dxc5 Bxa1
34. c6 Nxc6 35. bxc6 bxc6 36. Bc5 Kg8 37. Ba6 Bg7 38. Bb7 Bf8 39. Bxf8 Kxf8 40.
Bxc6 g5 41. h4 Ke7 42. f4 f6 43. hxg5 fxg5 44. Kf3 Kf6 45. Ke3 h5 46. gxh5
gxf4+ 47. Kxf4 e5+ 48. Kg4 d4 49. Be4 1/2-1/2

[Event "Hastings Centenary Masters"]
[Site "Hastings"]
[Date "1995.08.27"]
[Round "9"]
[White "Arkell, Keith C"]
[Black "Parker, Jonathan"]
[Result "0-1"]
[WhiteElo "2505"]
[BlackElo "2415"]
[PlyCount "80"]
[EventDate "1995.08.20"]
[EventType "swiss"]
[EventRounds "9"]
[EventCountry "ENG"]
[SourceTitle "BritBase"]
[Source "John Saunders"]
[SourceDate "2023.06.01"]
[SourceVersion "1"]
[SourceVersionDate "2023.06.01"]
[SourceQuality "1"]

1. d4 Nf6 2. Nf3 d5 3. c4 e6 4. Nc3 Be7 5. Bg5 O-O 6. e3 h6 7. Bh4 b6 8. Be2
Bb7 9. Bxf6 Bxf6 10. cxd5 exd5 11. b4 c6 12. O-O a5 13. a3 Re8 14. Qb3 Nd7 15.
b5 c5 16. Nxd5 Bxd4 17. Rad1 Ne5 18. Nxe5 Bxd5 19. Nc4 Qg5 20. g3 Qf5 21. Rfe1
Qe4 22. f3 Qxe3+ 23. Qxe3 Rxe3 24. Nxe3 Bxe3+ 25. Kg2 Bd4 26. Bd3 Bb3 27. Rc1
Kf8 28. Bc4 a4 29. Re2 Rd8 30. f4 Bf6 31. Re3 Bb2 32. Rxb3 Rd2+ 33. Kf3 axb3
34. Rb1 f5 35. Ke3 Rc2 36. Kd3 Ke7 37. a4 Rc3+ 38. Kd2 Rxc4 39. Rxb2 Rxa4 40.
Rxb3 Rb4 0-1

[Event "Hastings Centenary Masters"]
[Site "Hastings"]
[Date "1995.08.27"]
[Round "9"]
[White "Atalik, Suat"]
[Black "Summerscale, Aaron P"]
[Result "1/2-1/2"]
[WhiteElo "2525"]
[BlackElo "2455"]
[PlyCount "32"]
[EventDate "1995.08.20"]
[EventType "swiss"]
[EventRounds "9"]
[EventCountry "ENG"]
[SourceTitle "BritBase"]
[Source "John Saunders"]
[SourceDate "2023.06.01"]
[SourceVersion "1"]
[SourceVersionDate "2023.06.01"]
[SourceQuality "1"]

1. d4 g6 2. c4 Bg7 3. e4 Nc6 4. Nf3 d6 5. d5 Ne5 6. Nxe5 dxe5 7. Nc3 f5 8. exf5
gxf5 9. Qh5+ Kf8 10. Qe2 c6 11. g3 cxd5 12. Nxd5 e6 13. Nc3 Ne7 14. Bg2 a6 15.
Be3 Qc7 16. O-O-O Rb8 1/2-1/2

[Event "Hastings Centenary Masters"]
[Site "Hastings"]
[Date "1995.08.27"]
[Round "9"]
[White "Bates, Richard A"]
[Black "Emms, John M"]
[Result "0-1"]
[WhiteElo "2345"]
[BlackElo "2485"]
[PlyCount "70"]
[EventDate "1995.08.20"]
[EventType "swiss"]
[EventRounds "9"]
[EventCountry "ENG"]
[SourceTitle "BritBase"]
[Source "John Saunders"]
[SourceDate "2023.06.01"]
[SourceVersion "1"]
[SourceVersionDate "2023.06.01"]
[SourceQuality "1"]

1. d4 Nf6 2. c4 e6 3. Nf3 c5 4. d5 d6 5. Nc3 exd5 6. cxd5 g6 7. h3 a6 8. e4 b5
9. Bd3 Bg7 10. O-O c4 11. Bc2 O-O 12. a3 Nbd7 13. Bf4 Qb6 14. Be3 Qc7 15. Nd4
Re8 16. g4 Nc5 17. f3 Bb7 18. Re1 Nfd7 19. f4 Re7 20. Bf2 Rae8 21. Qf3 Nd3 22.
Bxd3 cxd3 23. Qxd3 Nc5 24. Qf3 Na4 25. Rac1 Nxb2 26. Ncxb5 Qb6 27. Nf5 Qxb5 28.
Nxg7 Kxg7 29. Qc3+ Kg8 30. Qf6 Rxe4 31. Rxe4 Rxe4 32. Rc7 Qxd5 33. Rxb7 Qxb7
34. g5 Qb5 35. Bd4 Rxd4 0-1

[Event "Hastings Centenary Masters"]
[Site "Hastings"]
[Date "1995.08.27"]
[Round "9"]
[White "Bisby, Daniel L"]
[Black "Menadue, Jeremy FS"]
[Result "1/2-1/2"]
[WhiteElo "2120"]
[BlackElo "2255"]
[PlyCount "57"]
[EventDate "1995.08.20"]
[EventType "swiss"]
[EventRounds "9"]
[EventCountry "ENG"]
[SourceTitle "BritBase"]
[Source "John Saunders"]
[SourceDate "2023.06.01"]
[SourceVersion "1"]
[SourceVersionDate "2023.06.01"]
[SourceQuality "1"]

1. e4 Nf6 2. e5 Nd5 3. d4 d6 4. c4 Nb6 5. exd6 cxd6 6. Nc3 Bf5 7. Be3 e6 8. Nf3
Be7 9. d5 e5 10. c5 dxc5 11. Bb5+ N8d7 12. Nxe5 O-O 13. Qf3 Nxe5 14. Qxf5 Nxd5
15. Qxe5 Bf6 16. Qe4 Nxc3 17. bxc3 Bxc3+ 18. Ke2 Bxa1 19. Rxa1 f5 20. Qe6+ Kh8
21. Bxc5 Qa5 22. a4 Rf6 23. Qe7 a6 24. Bd4 axb5 25. Bxf6 gxf6 26. Qxf6+ Kg8 27.
Qe6+ Kh8 28. Qe5+ Kg8 29. Qe6+ 1/2-1/2

[Event "Hastings Centenary Masters"]
[Site "Hastings"]
[Date "1995.08.27"]
[Round "9"]
[White "Britton, Richard L"]
[Black "Mah, Karl CC"]
[Result "0-1"]
[WhiteElo "2320"]
[BlackElo "2200"]
[PlyCount "74"]
[EventDate "1995.08.20"]
[EventType "swiss"]
[EventRounds "9"]
[EventCountry "ENG"]
[SourceTitle "BritBase"]
[Source "John Saunders"]
[SourceDate "2023.06.01"]
[SourceVersion "1"]
[SourceVersionDate "2023.06.01"]
[SourceQuality "1"]

1. e4 c5 2. Nf3 d6 3. c3 Nf6 4. Be2 Nbd7 5. d3 b6 6. O-O Bb7 7. Re1 g6 8. Bf1
Bg7 9. Nbd2 Ne5 10. a4 O-O 11. a5 Nxf3+ 12. Nxf3 Qc7 13. Bg5 h6 14. Bd2 e5 15.
b4 d5 16. a6 Bc6 17. exd5 Nxd5 18. bxc5 bxc5 19. g3 Kh7 20. Qc1 Rad8 21. Nh4 f5
22. Qa3 Ba8 23. Rab1 g5 24. Ng2 f4 25. Rb5 Rc8 26. c4 Ne7 27. Bc3 Nf5 28. Reb1
Qc6 29. Ra5 fxg3 30. fxg3 Nxg3 31. Qb2 Nxf1 32. Rxf1 Rxf1+ 33. Kxf1 Qf3+ 34.
Kg1 Rb8 35. Rb5 Rf8 36. h3 Qf1+ 37. Kh2 Bxg2 0-1

[Event "Hastings Centenary Masters"]
[Site "Hastings"]
[Date "1995.08.27"]
[Round "9"]
[White "Connell, Blair N"]
[Black "James, David J"]
[Result "1/2-1/2"]
[WhiteElo "2270"]
[BlackElo "2270"]
[PlyCount "117"]
[EventDate "1995.08.20"]
[EventType "swiss"]
[EventRounds "9"]
[EventCountry "ENG"]
[SourceTitle "BritBase"]
[Source "John Saunders"]
[SourceDate "2023.06.01"]
[SourceVersion "1"]
[SourceVersionDate "2023.06.01"]
[SourceQuality "1"]

1. e4 c5 2. Nf3 d6 3. c3 Nf6 4. Be2 Nbd7 5. Qc2 b6 6. d4 e5 7. O-O Be7 8. Nbd2
O-O 9. Nc4 Bb7 10. d5 b5 11. Ne3 c4 12. Nf5 Nc5 13. Ng3 g6 14. h3 Ne8 15. Rd1
Ng7 16. Bh6 a6 17. Nh2 Bg5 18. Bxg7 Kxg7 19. b4 cxb3 20. axb3 Rc8 21. Nhf1 Rc7
22. Bd3 Bc8 23. Qb2 f5 24. exf5 gxf5 25. f4 Nxd3 26. Rxd3 Bxf4 27. Nh5+ Kg8 28.
Nxf4 exf4 29. Nd2 Re8 30. Nf3 Re3 31. Qd2 Qe8 32. Kf2 Rxd3 33. Qxd3 Qe3+ 34.
Qxe3 fxe3+ 35. Kxe3 Rxc3+ 36. Kf4 Rxb3 37. Rd1 Rb4+ 38. Kg5 Rc4 39. Re1 Re4 40.
Rc1 Rc4 41. Re1 Kf7 42. Kh6 f4 43. Ng5+ Kf6 44. Ne4+ Ke5 45. Nd2+ Kxd5 46. Nxc4
bxc4 47. Kxh7 c3 48. Kg6 Kc4 49. h4 c2 50. h5 Bg4 51. h6 Bd1 52. Re7 Kb3 53. h7
c1=Q 54. h8=Q Qc2+ 55. Kh6 Qxg2 56. Qb8+ Ka2 57. Qxd6 Qh3+ 58. Kg7 Qg4+ 59. Kf7
1/2-1/2

[Event "Hastings Centenary Masters"]
[Site "Hastings"]
[Date "1995.08.27"]
[Round "9"]
[White "Dive, Russell John"]
[Black "Poldauf, Dirk"]
[Result "0-1"]
[WhiteElo "2315"]
[BlackElo "2415"]
[PlyCount "73"]
[EventDate "1995.08.20"]
[EventType "swiss"]
[EventRounds "9"]
[EventCountry "ENG"]
[SourceTitle "BritBase"]
[Source "John Saunders"]
[SourceDate "2023.06.01"]
[SourceVersion "1"]
[SourceVersionDate "2023.06.01"]
[SourceQuality "1"]

1. d4 Nf6 2. c4 g6 3. Nf3 Bg7 4. g3 O-O 5. Bg2 d6 6. O-O Nbd7 7. Nc3 e5 8. e4
exd4 9. Nxd4 Re8 10. h3 Nc5 11. Re1 a5 12. b3 h6 13. Rb1 c6 14. a3 Nh7 15. b4
axb4 16. axb4 Ne6 17. Be3 Neg5 18. Kh2 Nf6 19. f3 Qd7 20. Na4 Qc7 21. b5 Nh5
22. bxc6 bxc6 23. Nb6 Ra2 24. Nxc8 Qxc8 25. Re2 Ra3 26. Rb3 Ra6 27. Qb1 Qd8 28.
f4 Nh7 29. Rd2 Qa5 30. Rb8 Rxb8 31. Qxb8+ Nf8 32. Qxd6 Qc3 33. Nc2 Ra2 34. Nb4
Ra1 35. Qc5 Ne6 36. Qb6 c5 37. Nd5 0-1

[Event "Hastings Centenary Masters"]
[Site "Hastings"]
[Date "1995.08.27"]
[Round "9"]
[White "Duncan, Christopher R"]
[Black "Saunders, John C"]
[Result "1-0"]
[WhiteElo "2315"]
[BlackElo "2240"]
[PlyCount "75"]
[EventDate "1995.08.20"]
[EventType "swiss"]
[EventRounds "9"]
[EventCountry "ENG"]
[SourceTitle "BritBase"]
[Source "John Saunders"]
[SourceDate "2023.06.01"]
[SourceVersion "1"]
[SourceVersionDate "2023.06.01"]
[SourceQuality "1"]

1. c4 Nf6 2. Nc3 g6 3. g3 Bg7 4. Bg2 O-O 5. d3 d6 6. Rb1 c5 7. e3 Nc6 8. Nge2
e5 9. O-O Be6 10. Nd5 Qd7 11. a3 Bh3 12. b4 Bxg2 13. Kxg2 cxb4 14. axb4 Nxd5
15. cxd5 Ne7 16. e4 f5 17. f3 a5 18. bxa5 Rxa5 19. Qb3 Rb8 20. Bd2 Ra6 21. Be3
Nc8 22. Rfc1 Bf6 23. Rc4 Bd8 24. Rb2 Kg7 25. Nc3 Bb6 26. Nb5 Ne7 27. d4 fxe4
28. fxe4 Rf8 29. dxe5 dxe5 30. Qc3 Bxe3 31. Rc7 Qg4 32. Rxe7+ Kg8 33. Qxe3 Ra1
34. Nc3 Rff1 35. Rbxb7 Rg1+ 36. Qxg1 Rxg1+ 37. Kxg1 Kf8 38. Rec7 1-0

[Event "Hastings Centenary Masters"]
[Site "Hastings"]
[Date "1995.08.27"]
[Round "9"]
[White "Dunnington, Angus J"]
[Black "Lewis, Andrew P"]
[Result "1/2-1/2"]
[WhiteElo "2385"]
[BlackElo "2335"]
[PlyCount "154"]
[EventDate "1995.08.20"]
[EventType "swiss"]
[EventRounds "9"]
[EventCountry "ENG"]
[SourceTitle "BritBase"]
[Source "John Saunders"]
[SourceDate "2023.06.01"]
[SourceVersion "1"]
[SourceVersionDate "2023.06.01"]
[SourceQuality "1"]

1. d4 Nf6 2. Nf3 g6 3. Nc3 d5 4. Bf4 Bg7 5. e3 O-O 6. Be2 c5 7. Ne5 Nc6 8. O-O
Be6 9. dxc5 Nd7 10. Nd3 Rc8 11. Qd2 Na5 12. Na4 Bf5 13. Rac1 e5 14. Bg3 Re8 15.
b3 Bh6 16. f4 Nf6 17. Bh4 Nc6 18. g4 Bxd3 19. cxd3 exf4 20. exf4 Nd4 21. Rce1
b5 22. Nb2 Rxc5 23. Bd1 Rxe1 24. Qxe1 Bg7 25. Qf2 Qc8 26. f5 Nxg4 27. Bxg4 Rc2
28. Qg3 Qc5 29. Kh1 Rxb2 30. Qb8+ Bf8 31. fxg6 hxg6 32. Qe8 Nf5 33. Bxf5 Qc2
34. Bf2 Rxa2 35. Bxg6 fxg6 36. Qxg6+ Bg7 37. Qe8+ Kh7 38. Qh5+ Kg8 39. Qxd5+
Kh7 40. Qh5+ Kg8 41. Qe8+ Kh7 42. Qh5+ Kg8 43. Qxb5 Qe2 44. Qd5+ Kh7 45. Qf5+
Kh8 46. Re1 Ra1 47. Rxa1 Bxa1 48. Kg2 Bg7 49. Qe4 Qb2 50. Qh4+ Kg8 51. Qc4+ Kh7
52. d4 Qd2 53. h4 Bf6 54. Qf7+ Bg7 55. Qc4 Kg6 56. Qe6+ Bf6 57. Qe4+ Kf7 58. d5
Be7 59. Qf5+ Ke8 60. h5 Kd8 61. Qe5 a6 62. Qd4 Qg5+ 63. Bg3 Qxh5 64. d6 Qe2+
65. Kg1 Bf8 66. Qf6+ Ke8 67. Qg6+ Kd8 68. Bh4+ Kd7 69. Qf7+ Kc6 70. Qxf8 Qg4+
71. Kf1 Qxh4 72. Qc8+ Kxd6 73. Qxa6+ Kc5 74. Qa5+ Kc6 75. Qc3+ Kb5 76. Ke2 Qg4+
77. Kd2 Qb4 1/2-1/2

[Event "Hastings Centenary Masters"]
[Site "Hastings"]
[Date "1995.08.27"]
[Round "9"]
[White "Ferguson, Mark"]
[Black "Hebden, Mark L"]
[Result "1/2-1/2"]
[WhiteElo "2360"]
[BlackElo "2570"]
[PlyCount "128"]
[EventDate "1995.08.20"]
[EventType "swiss"]
[EventRounds "9"]
[EventCountry "ENG"]
[SourceTitle "BritBase"]
[Source "John Saunders"]
[SourceDate "2023.06.01"]
[SourceVersion "1"]
[SourceVersionDate "2023.06.01"]
[SourceQuality "1"]

1. e4 e5 2. Nf3 Nc6 3. Nc3 Nf6 4. Bb5 Nd4 5. Ba4 c6 6. Nxe5 d5 7. d3 Bd6 8. Nf3
Nxf3+ 9. gxf3 Nh5 10. Be3 O-O 11. d4 Bb4 12. Qd3 Qf6 13. Bd2 Nf4 14. Bxf4 Qxf4
15. Qe3 Qh4 16. O-O-O a5 17. a3 Bxc3 18. Qxc3 dxe4 19. fxe4 Qxe4 20. Qg3 Be6
21. Rhg1 g6 22. Rge1 Qg4 23. c3 Qxg3 24. hxg3 Bd5 25. Re7 b5 26. Bc2 Rfe8 27.
Rde1 Kf8 28. Rxe8+ Rxe8 29. Rxe8+ Kxe8 30. b3 h5 31. Kd2 g5 32. Ke3 Ke7 33. Bd1
h4 34. gxh4 gxh4 35. Kf4 Be6 36. Bf3 Kd6 37. c4 bxc4 38. bxc4 Bxc4 39. Kg4 Bd5
40. Bd1 Bg2 41. Kxh4 Kd5 42. Kg3 Be4 43. Bb3+ Kxd4 44. Bxf7 c5 45. f3 Bf5 46.
Kf2 Kd3 47. Ke1 Kc2 48. f4 Bd3 49. Be8 Kb2 50. a4 Bf5 51. Bb5 Kc2 52. Bc4 Kc3
53. Bb5 Bg4 54. Be2 Bf5 55. Bb5 Kc2 56. Bc4 Bd7 57. Bb5 Be6 58. Ke2 c4 59. f5
Bf7 60. Ke3 c3 61. Bd3+ Kb2 62. Kd4 Be8 63. f6 Kb3 64. Be4 Bf7 1/2-1/2

[Event "Hastings Centenary Masters"]
[Site "Hastings"]
[Date "1995.08.27"]
[Round "9"]
[White "Gunter, David WW"]
[Black "Wall, Gavin"]
[Result "0-1"]
[WhiteElo "2130"]
[BlackElo "2265"]
[PlyCount "82"]
[EventDate "1995.08.20"]
[EventType "swiss"]
[EventRounds "9"]
[EventCountry "ENG"]
[SourceTitle "BritBase"]
[Source "John Saunders"]
[SourceDate "2023.06.01"]
[SourceVersion "1"]
[SourceVersionDate "2023.06.01"]
[SourceQuality "1"]

1. d4 f5 2. Nc3 d5 3. Bg5 g6 4. h4 Nh6 5. Bxh6 Bxh6 6. h5 g5 7. e3 c6 8. Bd3
Qd6 9. Nf3 Be6 10. Qd2 Nd7 11. a4 Rf8 12. a5 Rf6 13. a6 b6 14. O-O-O Bf7 15.
Kb1 O-O-O 16. Na4 b5 17. Nc3 g4 18. Nh4 e6 19. g3 Nb8 20. b3 Nxa6 21. Kb2 Nc7
22. Ra1 a6 23. Ra5 c5 24. Rha1 cxd4 25. Bxb5 dxc3+ 26. Qxc3 d4 27. Bxa6+ Kd7
28. exd4 Ke7 29. Kb1 Nxa6 30. Rxa6 Qxd4 31. Ra7+ Kf8 32. Qc7 Qd6 33. Qb7 Bd2
34. Ra8 Rxa8 35. Rxa8+ Kg7 36. Qc8 Kh6 37. Ra6 Qe7 38. Qh8 Bc3 39. Rc6 Bd4 40.
Ra6 Bxh5 41. Ng2 Qe8 0-1

[Event "Hastings Centenary Masters"]
[Site "Hastings"]
[Date "1995.08.27"]
[Round "9"]
[White "Howell, James C"]
[Black "Cooper, Lawrence"]
[Result "1-0"]
[WhiteElo "2525"]
[BlackElo "2315"]
[PlyCount "119"]
[EventDate "1995.08.20"]
[EventType "swiss"]
[EventRounds "9"]
[EventCountry "ENG"]
[SourceTitle "BritBase"]
[Source "John Saunders"]
[SourceDate "2023.06.01"]
[SourceVersion "1"]
[SourceVersionDate "2023.06.01"]
[SourceQuality "1"]

1. e4 e5 2. Nf3 Nc6 3. Bb5 a6 4. Ba4 Nf6 5. O-O Be7 6. Re1 b5 7. Bb3 O-O 8. c3
d5 9. exd5 Nxd5 10. Nxe5 Nxe5 11. Rxe5 c6 12. d4 Bd6 13. Re1 Qh4 14. g3 Qh3 15.
Be3 Bg4 16. Qd3 Rae8 17. Nd2 f5 18. Qf1 Qh5 19. f4 Kh8 20. Bxd5 cxd5 21. Qg2
Re4 22. h4 h6 23. Nxe4 fxe4 24. Rf1 Bf3 25. Qh3 Qg6 26. Kf2 Bg4 27. Qh2 Qh5 28.
Ke1 Qf5 29. a4 b4 30. cxb4 Bxb4+ 31. Kf2 Qh5 32. Kg1 Rf6 33. Rac1 Be2 34. Rf2
Bf3 35. Qh3 Bg4 36. Qf1 Bf3 37. Qh3 Bg4 38. Qf1 Bf3 39. Rxf3 exf3 40. Kf2 Qf5
41. Kxf3 g5 42. hxg5 hxg5 43. Qh1+ Kg8 44. Qh5 Bf8 45. Ke2 Rb6 46. Qxg5+ Qxg5
47. fxg5 Rxb2+ 48. Kf3 Ra2 49. Rc8 Rxa4 50. Bf4 Rc4 51. Rd8 Rc6 52. Kg4 Kf7 53.
Kf5 Be7 54. Rxd5 Rb6 55. Rd7 Ke8 56. Ra7 Kf8 57. d5 Bd6 58. g6 Bxf4 59. gxf4
Kg8 60. Kg5 1-0

[Event "Hastings Centenary Masters"]
[Site "Hastings"]
[Date "1995.08.27"]
[Round "9"]
[White "Kennaugh, Charles W"]
[Black "Mayers, Dan E"]
[Result "1-0"]
[WhiteElo "2310"]
[BlackElo "2100"]
[PlyCount "65"]
[EventDate "1995.08.20"]
[EventType "swiss"]
[EventRounds "9"]
[EventCountry "ENG"]
[SourceTitle "BritBase"]
[Source "John Saunders"]
[SourceDate "2023.06.01"]
[SourceVersion "1"]
[SourceVersionDate "2023.06.01"]
[SourceQuality "1"]

1. e4 e6 2. d4 d5 3. Nc3 Nf6 4. e5 Nfd7 5. Nf3 c5 6. dxc5 Nc6 7. Bb5 Bxc5 8.
O-O O-O 9. Re1 f6 10. Na4 Bb4 11. c3 Ba5 12. exf6 Qxf6 13. Bg5 Qf7 14. Bh4 Bc7
15. Ng5 Qf4 16. Bg3 Qxg5 17. Bxc7 Nde5 18. Re3 Qf4 19. Qe2 Nf3+ 20. Rxf3 Qxc7
21. Rxf8+ Kxf8 22. Re1 Bd7 23. Qh5 g6 24. Qxh7 Ne5 25. Bxd7 Nxd7 26. Rxe6 Qd8
27. Rxg6 Ke8 28. Nc5 Nf8 29. Qg8 Ke7 30. Qg7+ Ke8 31. Rg3 d4 32. cxd4 Qd5 33.
Re3+ 1-0

[Event "Hastings Centenary Masters"]
[Site "Hastings"]
[Date "1995.08.27"]
[Round "9"]
[White "Mellier, Pierre"]
[Black "Buckley, Graeme N"]
[Result "0-1"]
[WhiteElo "2210"]
[BlackElo "2355"]
[PlyCount "70"]
[EventDate "1995.08.20"]
[EventType "swiss"]
[EventRounds "9"]
[EventCountry "ENG"]
[SourceTitle "BritBase"]
[Source "John Saunders"]
[SourceDate "2023.06.01"]
[SourceVersion "1"]
[SourceVersionDate "2023.06.01"]
[SourceQuality "1"]

1. e4 c5 2. Nf3 e6 3. d4 cxd4 4. Nxd4 Nf6 5. Bd3 Nc6 6. Nxc6 bxc6 7. O-O d5 8.
e5 Nd7 9. Re1 g6 10. Nd2 Bg7 11. Nf3 O-O 12. Bg5 Qb6 13. Rb1 a5 14. Be7 Re8 15.
Bd6 f6 16. c4 fxe5 17. Nxe5 c5 18. Qf3 Nf6 19. Nxg6 Qxd6 20. Ne5 Rf8 21. Qh3
Bb7 22. Rbd1 Rad8 23. Re3 Qe7 24. Rde1 Ne4 25. Ng4 Bd4 26. Bxe4 Bxe3 27. Bc2
Bg5 28. Rxe6 Qg7 29. Nh6+ Kh8 30. Nf5 Qxb2 31. Bd3 Bc8 32. Re1 dxc4 33. Qg4
cxd3 34. Qxg5 d2 35. Rd1 Bxf5 0-1

[Event "Hastings Centenary Masters"]
[Site "Hastings"]
[Date "1995.08.27"]
[Round "9"]
[White "Rashkovsky, Nukhim N"]
[Black "Conquest, Stuart C"]
[Result "1-0"]
[WhiteElo "2560"]
[BlackElo "2455"]
[PlyCount "77"]
[EventDate "1995.08.20"]
[EventType "swiss"]
[EventRounds "9"]
[EventCountry "ENG"]
[SourceTitle "BritBase"]
[Source "John Saunders"]
[SourceDate "2023.06.01"]
[SourceVersion "1"]
[SourceVersionDate "2023.06.01"]
[SourceQuality "1"]

1. d4 Nf6 2. Nf3 g6 3. g3 Bg7 4. Bg2 c5 5. d5 d6 6. O-O O-O 7. Nc3 Na6 8. e4
Bg4 9. h3 Bxf3 10. Qxf3 Rb8 11. Qe2 Nd7 12. a4 Nb4 13. Nd1 e6 14. c3 Na6 15.
dxe6 fxe6 16. h4 Nc7 17. Ne3 Qe7 18. Nc4 Ne8 19. Bg5 Bf6 20. f4 Nb6 21. Ne3 Ng7
22. a5 Nd7 23. Ng4 Bxg5 24. hxg5 Nh5 25. Qe3 b6 26. axb6 Nxb6 27. b3 Kh8 28. c4
Nc8 29. e5 Ng7 30. Qc3 Qc7 31. Ra6 Rb6 32. Rxb6 axb6 33. Rd1 Rd8 34. Nh6 Rd7
35. exd6 Rxd6 36. Rxd6 Nxd6 37. Qf6 Qc8 38. g4 Qb8 39. Qe5 1-0

[Event "Hastings Centenary Masters"]
[Site "Hastings"]
[Date "1995.08.27"]
[Round "9"]
[White "Steffens, Olaf"]
[Black "Ashby, Anthony C"]
[Result "1-0"]
[WhiteElo "2330"]
[BlackElo "2090"]
[PlyCount "129"]
[EventDate "1995.08.20"]
[EventType "swiss"]
[EventRounds "9"]
[EventCountry "ENG"]
[SourceTitle "BritBase"]
[Source "John Saunders"]
[SourceDate "2023.06.01"]
[SourceVersion "1"]
[SourceVersionDate "2023.06.01"]
[SourceQuality "1"]

1. b4 e5 2. a3 g6 3. Bb2 Bg7 4. e3 Ne7 5. Nf3 d6 6. c4 O-O 7. Nc3 f5 8. d4 e4
9. Nd2 Nd7 10. Qb3 Nf6 11. Be2 h6 12. f3 f4 13. Ncxe4 Nf5 14. Nf1 Nxe4 15. fxe4
Qh4+ 16. Kd1 Ng3 17. hxg3 Qxh1 18. gxf4 Qxg2 19. Nd2 h5 20. c5+ Kh7 21. Nf3 Bg4
22. Ng5+ Kh6 23. Bxg4 Qxg4+ 24. Kd2 Bf6 25. Ne6 Rf7 26. e5 dxe5 27. dxe5 Rd7+
28. Bd4 Bh4 29. Kc3 Re8 30. c6 bxc6 31. Nc5 Rd5 32. Qa4 Rxd4 33. exd4 Qxf4 34.
Qxc6 Qe3+ 35. Kc4 Qe2+ 36. Kb3 Re7 37. Ka4 Qc2+ 38. Kb5 Qe2+ 39. Ka4 Qc2+ 40.
Kb5 Qe2+ 41. Ka5 Qb2 42. Rg1 Qxa3+ 43. Kb5 Rg7 44. Qe4 Be7 45. e6 c6+ 46. Qxc6
Bxc5 47. Qxc5 Qd3+ 48. Kc6 Qa6+ 49. Kd5 Qa2+ 50. Qc4 Qf2 51. Qf1 Qa2+ 52. Ke5
a5 53. Rg2 Qb3 54. Qf4+ Kh7 55. d5 axb4 56. d6 Ra7 57. Re2 Ra5+ 58. Kf6 Qc3+
59. Re5 Rxe5 60. Qxe5 Qf3+ 61. Ke7 Kg8 62. Qf6 Qb7+ 63. d7 b3 64. Qxg6+ Kh8 65.
Kf7 1-0

[Event "Hastings Centenary Masters"]
[Site "Hastings"]
[Date "1995.08.27"]
[Round "9"]
[White "Taylor, Peter P"]
[Black "Rice, Christopher B"]
[Result "1-0"]
[WhiteElo "2205"]
[BlackElo "2165"]
[PlyCount "125"]
[EventDate "1995.08.20"]
[EventType "swiss"]
[EventRounds "9"]
[EventCountry "ENG"]
[SourceTitle "BritBase"]
[Source "John Saunders"]
[SourceDate "2023.06.01"]
[SourceVersion "1"]
[SourceVersionDate "2023.06.01"]
[SourceQuality "1"]

1. e4 e6 2. d4 d5 3. Nc3 Nf6 4. Bg5 dxe4 5. Nxe4 Be7 6. Bxf6 gxf6 7. Nf3 b6 8.
Bb5+ c6 9. Bd3 Bb7 10. Qe2 Qc7 11. O-O-O Nd7 12. Kb1 O-O-O 13. Rhe1 Rhe8 14.
Ba6 b5 15. Bxb7+ Kxb7 16. c4 bxc4 17. Qxc4 Qb6 18. Re3 Qa6 19. Rb3+ Nb6 20. Qc2
Kc7 21. Rc1 Nd5 22. Nc5 Bxc5 23. Qxc5 Ra8 24. Nd2 Reb8 25. Ne4 Rd8 26. Nxf6
Nxf6 27. Qe5+ Rd6 28. Qxf6 Rad8 29. Qxf7+ R8d7 30. Qf4 Qa5 31. Rbc3 Qf5+ 32.
Qxf5 exf5 33. d5 Rxd5 34. Rxc6+ Kb7 35. R6c5 Rxc5 36. Rxc5 Rd1+ 37. Kc2 Rh1 38.
Rxf5 Rxh2 39. g4 Rg2 40. g5 Kc6 41. Kd3 Kd6 42. Ke3 Rg4 43. Ra5 Rb4 44. b3 Rb7
45. f4 Ke6 46. Ke4 Rb4+ 47. Kf3 Rb7 48. Ra6+ Kf7 49. Kg4 Rc7 50. Kh5 Kg7 51.
Ra5 Kg8 52. f5 Kf7 53. Ra4 Kg7 54. Re4 Kf8 55. Ra4 Kg7 56. f6+ Kf8 57. Kh6 Kg8
58. Re4 Rc2 59. Re8+ Kf7 60. Re7+ Kg8 61. Rg7+ Kf8 62. Rxh7 Rxa2 63. Kg6 1-0

[Event "Hastings Centenary Masters"]
[Site "Hastings"]
[Date "1995.08.27"]
[Round "9"]
[White "Tebb, David J"]
[Black "Minet, Steve"]
[Result "1-0"]
[WhiteElo "2315"]
[BlackElo "2170"]
[PlyCount "53"]
[EventDate "1995.08.20"]
[EventType "swiss"]
[EventRounds "9"]
[EventCountry "ENG"]
[SourceTitle "BritBase"]
[Source "John Saunders"]
[SourceDate "2023.06.01"]
[SourceVersion "1"]
[SourceVersionDate "2023.06.01"]
[SourceQuality "1"]

1. e4 e6 2. d3 c5 3. g3 g6 4. Bg2 Bg7 5. Nc3 Ne7 6. Be3 b6 7. Qd2 h5 8. d4 d5
9. exd5 exd5 10. dxc5 Be6 11. cxb6 axb6 12. Nge2 Nbc6 13. Nd4 Ne5 14. b3 h4 15.
O-O Qd7 16. Nxe6 fxe6 17. Rad1 hxg3 18. fxg3 Nf5 19. Bf4 Ng4 20. Qe2 Nxh2 21.
Nxd5 Bd4+ 22. Rxd4 Nxd4 23. Qe5 Nhf3+ 24. Bxf3 Nxf3+ 25. Rxf3 Qxd5 26. Qxh8+
Ke7 27. Qg7+ 1-0

[Event "Hastings Centenary Masters"]
[Site "Hastings"]
[Date "1995.08.27"]
[Round "9"]
[White "Trifunovic, Aleksandar"]
[Black "Briggs, Philip J"]
[Result "0-1"]
[WhiteElo "2230"]
[BlackElo "2280"]
[PlyCount "46"]
[EventDate "1995.08.20"]
[EventType "swiss"]
[EventRounds "9"]
[EventCountry "ENG"]
[SourceTitle "BritBase"]
[Source "John Saunders"]
[SourceDate "2023.06.01"]
[SourceVersion "1"]
[SourceVersionDate "2023.06.01"]
[SourceQuality "1"]

1. d4 Nf6 2. Nf3 c6 3. c4 b5 4. b3 d5 5. e3 a6 6. Be2 Bf5 7. O-O Nbd7 8. Nh4
Bxb1 9. Rxb1 e6 10. Nf3 Bd6 11. Bb2 O-O 12. Ne5 Rc8 13. a4 bxc4 14. bxc4 Qa5
15. Qd3 Bxe5 16. dxe5 Nc5 17. Qa3 Nfe4 18. f3 Nd2 19. Bc3 Nxb1 20. Rxb1 Qxa4
21. Bb4 Rb8 22. Qxa4 Nxa4 23. Bd3 c5 0-1